000 00342nam a2200145Ia 4500
008 230917s9999||||xx |||||||||||||| ||und||
040 _e187560
_aMAIN
041 _aEnglish
082 _a340.1 P274I
100 _aPaton, G W
245 0 _aTextbook of jurisprudence
260 _aLondon
_bMacmillan
_c1964
300 _a375 p.
942 _cBK
999 _c207405
_d207405